Normal view
MARC view
- Khan, Faizan Ahmad
Entry Personal Name
001 - CONTROL NUMBER
- control field: 97857
003 - CONTROL NUMBER IDENTIFIER
- control field: NUST
005 - DATE AND TIME OF LATEST TRANSACTION
- control field: 20220817151354.0
008 - FIXED-LENGTH DATA ELEMENTS
- fixed length control field: 220817|| aca||aabn | a|a d
040 ## - CATALOGING SOURCE
- Original cataloging agency: NUST
- Transcribing agency: NUST
100 ## - HEADING--PERSONAL NAME
- Personal name: Khan, Faizan Ahmad
670 ## - SOURCE DATA FOUND
- Source citation: Work cat.: (NUST): Khan, Faizan Ahmad , Deep Learning Based Analysis of Optical Coherence Tomography Images for Assessment of Macular Diseases /
